| 000 -LEADER |
| fixed length control field |
00878nam a2200217Ia 4500 |
| 001 - CONTROL NUMBER |
| control field |
16838 |
| 003 - CONTROL NUMBER IDENTIFIER |
| control field |
GE_BSU |
| 008 - FIXED-LENGTH DATA ELEMENTS--GENERAL INFORMATION |
| fixed length control field |
181216s||||||||xx |||||||||||||| ||und|| |
| 040 ## - CATALOGING SOURCE |
| Transcribing agency |
GE_BSU |
| 080 ## - UNIVERSAL DECIMAL CLASSIFICATION NUMBER |
| Universal Decimal Classification number |
821.353.1-1 + 821.353.1-144 |
| 100 ## - MAIN ENTRY--PERSONAL NAME |
| Personal name |
გომიაშვილი, ა. |
| 245 ## - TITLE STATEMENT |
| Title |
ლექსები, ბალადები. |
| 245 ## - TITLE STATEMENT |
| Statement of responsibility, etc. |
რედ.ნ.ხომერიკი |
| 260 ## - PUBLICATION, DISTRIBUTION, ETC. |
| Place of publication, distribution, etc. |
თბილისი |
| 260 ## - PUBLICATION, DISTRIBUTION, ETC. |
| Name of publisher, distributor, etc. |
საბჭ. მწერალი |
| 260 ## - PUBLICATION, DISTRIBUTION, ETC. |
| Date of publication, distribution, etc. |
1960 |
| 300 ## - PHYSICAL DESCRIPTION |
| Extent |
223გვ. ; 21სმ |
| 653 ## - INDEX TERM--UNCONTROLLED |
| Uncontrolled term |
ლექსები, ბალადები. |
| 653 ## - INDEX TERM--UNCONTROLLED |
| Uncontrolled term |
ციკლები:ადგილის დედა; შენ ჩემო ლექსო, არწივის ფრთაო!; მთები და იალაღები; ბალადები; თარგმანები |
| 942 ## - ADDED ENTRY ELEMENTS (KOHA) |
| Koha item type |
წიგნი |